[Event "EUCC 2023 - U12"]
[Site "Kouty nad Desnou"]
[Date "2023.08.17"]
[Round "2.5"]
[White "Komarek, Tobias"]
[Black "Boryna, Szymon"]
[Result "1/2-1/2"]
[BlackElo "1428"]
[WhiteElo "1633"]
[LiveChessVersion "1.4.8"]

1. d4 {[%clk 1:30:55]} d5 {[%clk 1:30:56]} 2. c4 {[%clk 1:31:16]} e6
{[%clk 1:31:22]} 3. Nc3 {[%clk 1:31:38]} Nf6 {[%clk 1:31:47]} 4. Bg5
{[%clk 1:31:54]} Be7 {[%clk 1:32:10]} 5. e3 {[%clk 1:31:58]} O-O {[%clk 1:32:33]}
6. Nf3 {[%clk 1:31:37]} h6 {[%clk 1:32:48]} 7. Bh4 {[%clk 1:31:58]} b6
{[%clk 1:33:08]} 8. Be2 {[%clk 1:31:57]} Bb7 {[%clk 1:33:31]} 9. Bxf6
{[%clk 1:31:48]} Bxf6 {[%clk 1:33:56]} 10. cxd5 {[%clk 1:31:54]} exd5
{[%clk 1:34:21]} 11. b4 {[%clk 1:32:05]} Qe7 {[%clk 1:33:22]} 12. Qb3
{[%clk 1:31:31]} Rd8 {[%clk 1:33:25]} 13. O-O {[%clk 1:30:53]} a6
{[%clk 1:32:32]} 14. a4 {[%clk 1:26:08]} Qd6 {[%clk 1:26:50]} 15. Rfc1
{[%clk 1:16:54]} Nd7 {[%clk 1:17:29]} 16. Ne1 {[%clk 1:04:24]} Nf8
{[%clk 1:12:00]} 17. Nd3 {[%clk 1:00:12]} Rac8 {[%clk 1:00:04]} 18. Bf3
{[%clk 0:54:51]} Ne6 {[%clk 0:57:14]} 19. Rab1 {[%clk 0:50:26]} Ba8
{[%clk 0:45:13]} 20. b5 {[%clk 0:35:14]} a5 {[%clk 0:44:34]} 21. Ne2
{[%clk 0:27:10]} Rd7 {[%clk 0:33:14]} 22. Rc2 {[%clk 0:22:01]} Rcd8
{[%clk 0:26:08]} 23. Rbc1 {[%clk 0:20:20]} Bb7 {[%clk 0:25:02]} 24. Nef4
{[%clk 0:18:07]} Nxf4 {[%clk 0:16:15]} 25. Nxf4 {[%clk 0:18:54]} Bxd4
{[%clk 0:12:21]} 26. Rc6 {[%clk 0:16:12]} Bxc6 {[%clk 0:10:36]} 27. Rxc6
{[%clk 0:16:36]} Qe7 {[%clk 0:08:29]} 28. Nxd5 {[%clk 0:07:22]} 1/2-1/2

[Event "EUCC 2023 - U12"]
[Site "Kouty nad Desnou"]
[Date "2023.08.17"]
[Round "2.6"]
[White "Vancakova, Veronika"]
[Black "Jakubse, Tamae Severina"]
[Result "0-1"]
[BlackElo "1301"]
[WhiteElo "1576"]
[LiveChessVersion "1.4.8"]

1. d4 {[%clk 1:30:58]} Nf6 {[%clk 1:30:58]} 2. c4 {[%clk 1:31:21]} g6
{[%clk 1:31:23]} 3. Nc3 {[%clk 1:31:47]} d5 {[%clk 1:31:49]} 4. cxd5
{[%clk 1:32:13]} Nxd5 {[%clk 1:32:13]} 5. e4 {[%clk 1:32:36]} Nxc3
{[%clk 1:32:38]} 6. bxc3 {[%clk 1:33:01]} Bg7 {[%clk 1:33:03]} 7. Bc4
{[%clk 1:33:19]} c5 {[%clk 1:33:27]} 8. Ne2 {[%clk 1:33:37]} Nc6 {[%clk 1:33:47]}
9. Be3 {[%clk 1:33:59]} Bg4 {[%clk 1:34:07]} 10. f3 {[%clk 1:34:15]} cxd4
{[%clk 1:31:53]} 11. cxd4 {[%clk 1:32:56]} Bc8 {[%clk 1:30:24]} 12. O-O
{[%clk 1:31:23]} O-O {[%clk 1:29:59]} 13. Rc1 {[%clk 1:24:37]} Bd7
{[%clk 1:24:40]} 14. Qd2 {[%clk 1:22:59]} Qa5 {[%clk 1:20:38]} 15. Qb2
{[%clk 1:16:59]} Qb4 {[%clk 1:12:25]} 16. Qxb4 {[%clk 1:13:13]} Nxb4
{[%clk 1:12:47]} 17. Bg5 {[%clk 1:11:02]} Rfe8 {[%clk 1:08:20]} 18. Rb1
{[%clk 1:07:13]} a5 {[%clk 1:03:41]} 19. a3 {[%clk 0:49:11]} b5 {[%clk 0:50:57]}
20. axb4 {[%clk 0:26:08]} bxc4 {[%clk 0:48:11]} 21. bxa5 {[%clk 0:25:44]} Rxa5
{[%clk 0:41:45]} 22. Rb7 {[%clk 0:18:41]} Rxg5 {[%clk 0:28:18]} 23. Rxd7
{[%clk 0:19:02]} Ra5 {[%clk 0:27:49]} 24. Rc1 {[%clk 0:12:41]} Ra4
{[%clk 0:24:22]} 25. e5 {[%clk 0:04:31]} Bh6 {[%clk 0:22:02]} 26. f4
{[%clk 0:03:39]} g5 {[%clk 0:18:53]} 27. g3 {[%clk 0:03:25]} Ra2 {[%clk 0:17:34]}
28. Nc3 {[%clk 0:02:25]} Rb2 {[%clk 0:13:37]} 29. Nd5 {[%clk 0:01:33]} gxf4
{[%clk 0:11:06]} 30. gxf4 {[%clk 0:01:08]} Kh8 {[%clk 0:10:49]} 31. Nxe7
{[%clk 0:00:34]} Bxf4 {[%clk 0:10:05]} 32. Rd1 {[%clk 0:00:32]} c3
{[%clk 0:08:35]} 33. Nd5 {[%clk 0:00:33]} c2 {[%clk 0:07:49]} 34. Rf1
{[%clk 0:00:37]} Rg8+ {[%clk 0:07:10]} 35. Kh1 {[%clk 0:00:32]} c1=Q
{[%clk 0:07:15]} 0-1

[Event "EUCC 2023 - U12"]
[Site "Kouty nad Desnou"]
[Date "2023.08.17"]
[Round "2.7"]
[White "Kozdon, Marek"]
[Black "Muller-Moingt, Bastien"]
[Result "1/2-1/2"]
[BlackElo "1858"]
[WhiteElo "1233"]
[LiveChessVersion "1.4.8"]

1. d4 {[%clk 1:30:56]} e6 {[%clk 1:30:56]} 2. c4 {[%clk 1:31:04]} Nf6
{[%clk 1:31:18]} 3. Nf3 {[%clk 1:31:19]} Bb4+ {[%clk 1:31:43]} 4. Nbd2
{[%clk 1:31:25]} O-O {[%clk 1:31:48]} 5. a3 {[%clk 1:31:40]} Be7 {[%clk 1:32:13]}
6. e4 {[%clk 1:31:44]} d6 {[%clk 1:31:51]} 7. Bd3 {[%clk 1:30:35]} e5
{[%clk 1:29:13]} 8. d5 {[%clk 1:26:43]} a5 {[%clk 1:27:33]} 9. O-O
{[%clk 1:24:41]} Na6 {[%clk 1:01:26]} 10. Re1 {[%clk 1:18:55]} Nc5
{[%clk 1:01:36]} 11. Nb3 {[%clk 1:19:05]} Nxb3 {[%clk 0:51:14]} 12. Qxb3
{[%clk 1:19:17]} b6 {[%clk 0:45:42]} 13. Bd2 {[%clk 1:09:44]} Bg4
{[%clk 0:45:19]} 14. Bc2 {[%clk 1:09:23]} Nd7 {[%clk 0:42:17]} 15. Qc3
{[%clk 1:03:03]} a4 {[%clk 0:41:42]} 16. Rec1 {[%clk 1:00:57]} f5
{[%clk 0:32:37]} 17. h3 {[%clk 0:57:34]} fxe4 {[%clk 0:32:50]} 18. Bxe4
{[%clk 0:57:45]} Bf5 {[%clk 0:31:32]} 19. Bxf5 {[%clk 0:54:30]} Rxf5
{[%clk 0:31:35]} 20. Qd3 {[%clk 0:53:59]} Qf8 21. Be3 {[%clk 0:52:57]} Re8
{[%clk 0:18:34]} 22. Qc2 {[%clk 0:45:58]} Ra8 {[%clk 0:18:59]} 23. Re1
{[%clk 0:45:17]} h6 {[%clk 0:17:34]} 24. Rad1 {[%clk 0:43:33]} Nc5
{[%clk 0:11:55]} 25. Bxc5 {[%clk 0:42:42]} bxc5 {[%clk 0:12:24]} 26. Re4
{[%clk 0:42:44]} Bg5 {[%clk 0:08:48]} 27. Rde1 {[%clk 0:36:01]} Rb8
{[%clk 0:06:43]} 28. R1e2 {[%clk 0:34:38]} Rb3 {[%clk 0:05:44]} 29. Nxg5
{[%clk 0:30:54]} Rxg5 {[%clk 0:06:08]} 30. R4e3 {[%clk 0:30:57]} Rxe3
{[%clk 0:05:58]} 31. Rxe3 {[%clk 0:31:18]} Qf5 {[%clk 0:04:36]} 32. Qd1
{[%clk 0:28:56]} Qd7 {[%clk 0:04:18]} 33. Qc2 {[%clk 0:28:27]} Rf5
{[%clk 0:04:26]} 34. Rg3 {[%clk 0:27:46]} Rf6 {[%clk 0:03:57]} 35. Qe4
{[%clk 0:26:00]} Qf5 {[%clk 0:03:19]} 36. Qe2 {[%clk 0:25:18]} Qb1+
{[%clk 0:03:15]} 37. Kh2 {[%clk 0:25:37]} Rf4 {[%clk 0:02:41]} 38. Rg4
{[%clk 0:21:20]} Rd4 {[%clk 0:02:30]} 39. f4 {[%clk 0:15:21]} Rxf4
{[%clk 0:02:01]} 40. Rxf4 {[%clk 0:15:45]} exf4 {[%clk 0:02:31]} 41. Qe8+
{[%clk 0:15:26]} Kh7 {[%clk 0:03:00]} 42. Qe6 {[%clk 0:15:40]} f3
{[%clk 0:02:15]} 43. gxf3 {[%clk 0:15:23]} Qxb2+ {[%clk 0:02:43]} 44. Kg1
{[%clk 0:14:46]} Qb1+ {[%clk 0:03:05]} 45. Kf2 {[%clk 0:15:01]} Qc2+
{[%clk 0:03:30]} 46. Kg3 {[%clk 0:15:09]} Qg6+ {[%clk 0:03:59]} 47. Qxg6+
{[%clk 0:15:20]} Kxg6 {[%clk 0:04:28]} 48. Kg4 {[%clk 0:15:20]} Kf6
{[%clk 0:03:43]} 49. f4 {[%clk 0:14:27]} Kg6 {[%clk 0:03:02]} 50. f5+
{[%clk 0:13:35]} Kf6 {[%clk 0:03:27]} 51. Kf4 {[%clk 0:14:01]} Ke7
{[%clk 0:02:13]} 52. Ke3 {[%clk 0:13:12]} Kf7 {[%clk 0:02:16]} 53. Kf3
{[%clk 0:13:31]} g6 {[%clk 0:00:50]} 54. fxg6+ {[%clk 0:13:35]} Kxg6
{[%clk 0:01:18]} 55. Kg4 {[%clk 0:13:55]} h5+ {[%clk 0:01:08]} 56. Kf4
{[%clk 0:14:18]} Kf6 {[%clk 0:01:33]} 57. h4 {[%clk 0:14:42]} 1/2-1/2

[Event "EUCC 2023 - U12"]
[Site "Kouty nad Desnou"]
[Date "2023.08.17"]
[Round "2.8"]
[White "Prochazka, Michal"]
[Black "Ge, Charlene"]
[Result "0-1"]
[BlackElo "1598"]
[WhiteElo "1391"]
[LiveChessVersion "1.4.8"]

1. e4 {[%clk 1:30:57]} c5 {[%clk 1:30:55]} 2. Nf3 {[%clk 1:31:19]} e6
{[%clk 1:31:18]} 3. d4 cxd4 {[%clk 1:31:42]} 4. Nxd4 {[%clk 1:31:37]} Nf6
{[%clk 1:32:03]} 5. Nc3 {[%clk 1:31:54]} Nc6 {[%clk 1:32:24]} 6. Bc4
{[%clk 1:25:30]} Bb4 {[%clk 1:31:16]} 7. Bg5 {[%clk 1:21:06]} Qa5
{[%clk 1:22:38]} 8. Nxc6 {[%clk 0:43:14]} Bxc3+ {[%clk 1:22:01]} 9. bxc3
{[%clk 0:38:47]} Qxc3+ {[%clk 1:21:41]} 10. Bd2 {[%clk 0:38:26]} Qxc4
{[%clk 1:21:05]} 11. Nb4 {[%clk 0:36:44]} Qxe4+ {[%clk 1:21:00]} 12. Kf1
{[%clk 0:36:15]} O-O {[%clk 1:20:10]} 13. Nd3 {[%clk 0:35:44]} b6
{[%clk 1:19:53]} 14. f3 {[%clk 0:34:50]} Qd4 {[%clk 1:19:02]} 15. Qe1
{[%clk 0:32:31]} Ba6 {[%clk 1:18:25]} 16. Be3 {[%clk 0:31:53]} Bxd3+
{[%clk 1:17:57]} 0-1

[Event "EUCC 2023 - U12"]
[Site "Kouty nad Desnou"]
[Date "2023.08.17"]
[Round "2.9"]
[White "Alcantara, Eliyakim"]
[Black "Stricova, Julia Nela"]
[Result "1-0"]
[BlackElo "1091"]
[WhiteElo "1534"]
[LiveChessVersion "1.4.8"]

1. d4 {[%clk 1:30:52]} d5 {[%clk 1:30:57]} 2. Bf4 {[%clk 1:31:11]} Bf5
{[%clk 1:31:19]} 3. e3 {[%clk 1:31:33]} e6 {[%clk 1:31:39]} 4. c4
{[%clk 1:31:57]} c6 {[%clk 1:31:30]} 5. Nf3 {[%clk 1:32:16]} Nd7 {[%clk 1:31:10]}
6. Nc3 {[%clk 1:31:58]} Ngf6 {[%clk 1:31:28]} 7. Qb3 {[%clk 1:32:18]} Rc8
{[%clk 1:30:57]} 8. Qxb7 {[%clk 1:32:01]} a5 {[%clk 1:29:50]} 9. Qb3
{[%clk 1:27:14]} Be7 {[%clk 1:29:01]} 10. Be2 {[%clk 1:25:21]} O-O
{[%clk 1:29:09]} 11. h3 {[%clk 1:24:55]} Qb6 {[%clk 1:26:38]} 12. Qxb6
{[%clk 1:22:51]} Nxb6 {[%clk 1:27:02]} 13. c5 {[%clk 1:23:11]} Nbd7
{[%clk 1:26:58]} 14. O-O {[%clk 1:22:33]} Rfe8 {[%clk 1:25:32]} 15. Ba6
{[%clk 1:21:02]} Rcd8 {[%clk 1:24:18]} 16. Na4 {[%clk 1:19:58]} Nb8
{[%clk 1:23:00]} 17. Be2 {[%clk 1:20:16]} Rd7 {[%clk 1:21:09]} 18. Ne5
{[%clk 1:18:00]} Rb7 {[%clk 1:21:19]} 19. b3 {[%clk 1:18:05]} Bd8
{[%clk 1:19:13]} 20. Bh2 {[%clk 1:14:14]} Bc7 {[%clk 1:18:31]} 21. f4
{[%clk 1:13:35]} Bxe5 {[%clk 1:18:18]} 22. fxe5 {[%clk 1:13:34]} Ne4 23. h4
{[%clk 1:07:59]} Nd7 {[%clk 1:15:12]} 24. Rad1 {[%clk 1:05:09]} h6
{[%clk 1:14:02]} 25. g4 {[%clk 0:51:20]} Bg6 {[%clk 1:11:36]} 26. Bf3
{[%clk 0:51:01]} f6 {[%clk 1:10:32]} 27. Bxe4 {[%clk 0:43:45]} Bxe4
{[%clk 1:10:49]} 28. exf6 {[%clk 0:43:19]} Nxf6 {[%clk 1:10:50]} 29. Rf4
{[%clk 0:38:10]} Rf8 {[%clk 1:09:24]} 30. Rdf1 {[%clk 0:37:52]} Rbf7
{[%clk 1:09:10]} 31. g5 {[%clk 0:36:21]} hxg5 {[%clk 1:09:15]} 32. hxg5
{[%clk 0:36:39]} Nd7 {[%clk 1:08:49]} 33. Nc3 {[%clk 0:35:24]} Rxf4
{[%clk 1:08:54]} 34. Rxf4 {[%clk 0:35:17]} Rxf4 {[%clk 1:08:41]} 35. exf4
{[%clk 0:35:10]} Bd3 {[%clk 1:07:58]} 36. Kf2 {[%clk 0:35:27]} Kf7
{[%clk 1:07:56]} 37. Ke3 {[%clk 0:35:42]} Ba6 {[%clk 1:07:11]} 38. Bg3
{[%clk 0:35:48]} Kg6 {[%clk 1:06:05]} 39. Be1 {[%clk 0:35:33]} Kf5
{[%clk 1:04:34]} 40. Nd1 {[%clk 0:33:58]} a4 {[%clk 1:04:31]} 41. bxa4
{[%clk 0:33:15]} Nf8 {[%clk 1:02:26]} 42. Kf3 {[%clk 0:32:47]} Nd7
{[%clk 1:00:48]} 43. a5 {[%clk 0:32:20]} Nf8 {[%clk 1:01:09]} 44. Ne3+
{[%clk 0:32:29]} Kg6 {[%clk 1:01:12]} 45. Nc2 {[%clk 0:32:13]} Nd7
{[%clk 1:01:16]} 46. Nb4 {[%clk 0:32:30]} Nb8 {[%clk 1:01:20]} 47. Kg4
{[%clk 0:31:47]} Kf7 {[%clk 0:59:55]} 48. f5 {[%clk 0:31:25]} exf5+
{[%clk 0:59:15]} 49. Kxf5 {[%clk 0:31:42]} Ke7 {[%clk 0:59:26]} 50. Bg3
{[%clk 0:31:54]} Bc8+ {[%clk 0:58:40]} 51. Kg6 {[%clk 0:32:10]} Na6
{[%clk 0:58:32]} 52. Nxc6+ {[%clk 0:31:24]} Kf8 {[%clk 0:58:19]} 53. Bd6+
{[%clk 0:31:36]} Ke8 {[%clk 0:58:18]} 54. Kxg7 {[%clk 0:31:51]} 1-0

[Event "EUCC 2023 - U12"]
[Site "Kouty nad Desnou"]
[Date "2023.08.17"]
[Round "2.10"]
[White "Wang, Simon"]
[Black "Pop, Maria Olivia"]
[Result "0-1"]
[BlackElo "1147"]
[WhiteElo "1517"]
[LiveChessVersion "1.4.8"]

1. c4 {[%clk 1:30:58]} b6 {[%clk 1:30:42]} 2. Nc3 {[%clk 1:31:21]} Nf6
{[%clk 1:31:01]} 3. d3 {[%clk 1:31:34]} e6 {[%clk 1:31:09]} 4. Nf3
{[%clk 1:30:18]} Bb4 {[%clk 1:29:27]} 5. g3 Bb7 {[%clk 1:29:50]} 6. Bg2
{[%clk 1:30:44]} Bxc3+ {[%clk 1:29:50]} 7. bxc3 {[%clk 1:30:56]} c5
{[%clk 1:25:15]} 8. O-O {[%clk 1:30:47]} O-O {[%clk 1:24:43]} 9. Bf4
{[%clk 1:27:31]} d6 {[%clk 1:20:22]} 10. Rb1 {[%clk 1:25:22]} Qe7
{[%clk 1:19:32]} 11. a4 {[%clk 1:20:37]} Nc6 {[%clk 1:16:16]} 12. Qc2
{[%clk 1:12:16]} e5 {[%clk 1:13:38]} 13. Bd2 {[%clk 1:08:49]} h6 {[%clk 1:13:28]}
14. e3 {[%clk 1:08:09]} Na5 {[%clk 1:10:48]} 15. Rfe1 {[%clk 1:05:22]} Qd7
{[%clk 1:08:30]} 16. Qa2 {[%clk 1:00:00]} Rfe8 {[%clk 1:02:34]} 17. e4
{[%clk 0:53:44]} Rad8 {[%clk 0:58:28]} 18. h3 {[%clk 0:50:04]} Bc6
{[%clk 0:57:02]} 19. Ra1 {[%clk 0:47:51]} Nb7 {[%clk 0:48:48]} 20. Red1
{[%clk 0:44:21]} Rb8 {[%clk 0:48:39]} 21. Ne1 {[%clk 0:42:44]} Nd8
{[%clk 0:48:13]} 22. Nc2 {[%clk 0:42:49]} Ne6 {[%clk 0:48:27]} 23. Ne3
{[%clk 0:42:20]} Ng5 {[%clk 0:39:52]} 24. Kh2 {[%clk 0:40:29]} Qc8
{[%clk 0:35:56]} 25. h4 {[%clk 0:37:34]} Ngh7 {[%clk 0:35:53]} 26. Nd5
{[%clk 0:34:33]} Ng4+ {[%clk 0:35:37]} 27. Kg1 {[%clk 0:33:58]} Bd7
{[%clk 0:35:28]} 28. a5 {[%clk 0:29:45]} Ngf6 {[%clk 0:32:41]} 29. axb6
{[%clk 0:28:16]} axb6 {[%clk 0:33:05]} 30. Rdb1 {[%clk 0:27:30]} Nxd5
{[%clk 0:32:20]} 31. cxd5 {[%clk 0:25:37]} Qc7 {[%clk 0:32:20]} 32. Qa7
{[%clk 0:24:19]} Rb7 {[%clk 0:32:34]} 33. Qa6 {[%clk 0:23:04]} Nf6
{[%clk 0:32:22]} 34. Rb2 {[%clk 0:22:00]} Reb8 {[%clk 0:32:28]} 35. Qa2
{[%clk 0:20:36]} Qc8 {[%clk 0:32:23]} 36. c4 {[%clk 0:20:27]} Bh3
{[%clk 0:32:31]} 37. Rb3 {[%clk 0:19:35]} Bxg2 {[%clk 0:32:01]} 38. Kxg2
{[%clk 0:19:49]} Qc7 {[%clk 0:32:01]} 39. Qb2 {[%clk 0:20:03]} Ra7
{[%clk 0:30:47]} 40. Rb1 {[%clk 0:19:58]} Ra6 {[%clk 0:30:37]} 41. Rb5
{[%clk 0:17:18]} Nd7 {[%clk 0:30:45]} 42. f4 {[%clk 0:15:12]} exf4
{[%clk 0:29:37]} 43. Bxf4 {[%clk 0:15:19]} Rba8 {[%clk 0:29:00]} 44. Qf2
{[%clk 0:11:37]} Ra2 {[%clk 0:28:54]} 45. R1b2 {[%clk 0:11:38]} Rxb2
{[%clk 0:29:11]} 46. Rxb2 {[%clk 0:11:53]} Ra3 {[%clk 0:29:26]} 47. d4
{[%clk 0:08:42]} cxd4 {[%clk 0:28:56]} 48. Qxd4 {[%clk 0:05:29]} Ra4
{[%clk 0:26:13]} 49. Rc2 {[%clk 0:03:18]} b5 {[%clk 0:25:25]} 0-1

[Event "EUCC 2023 - U12"]
[Site "Kouty nad Desnou"]
[Date "2023.08.17"]
[Round "2.11"]
[White "Gailevska, Milana"]
[Black "Popzafirov, Danail"]
[Result "1-0"]
[BlackElo "1885"]
[WhiteElo "1245"]
[LiveChessVersion "1.4.8"]

1. d4 {[%clk 1:30:59]} Nf6 {[%clk 1:30:56]} 2. Bf4 {[%clk 1:31:19]} g6
{[%clk 1:30:53]} 3. e3 {[%clk 1:31:26]} Bg7 {[%clk 1:31:16]} 4. Nf3
{[%clk 1:31:50]} O-O {[%clk 1:31:15]} 5. h3 {[%clk 1:32:17]} d6 {[%clk 1:31:40]}
6. Be2 {[%clk 1:32:39]} Nbd7 {[%clk 1:31:18]} 7. O-O {[%clk 1:32:58]} c5
{[%clk 1:31:39]} 8. c3 {[%clk 1:33:21]} b6 {[%clk 1:30:04]} 9. Bh2
{[%clk 1:33:21]} Bb7 {[%clk 1:30:01]} 10. Nbd2 {[%clk 1:33:32]} Rc8
{[%clk 1:29:07]} 11. a4 {[%clk 1:32:48]} Re8 {[%clk 1:18:40]} 12. Qb3
{[%clk 1:31:51]} h6 {[%clk 1:16:17]} 13. a5 {[%clk 1:28:15]} Bf8 {[%clk 0:48:24]}
14. axb6 {[%clk 1:19:31]} axb6 {[%clk 0:44:28]} 15. Ra7 {[%clk 1:18:47]} Bc6
{[%clk 0:43:14]} 16. Rfa1 {[%clk 1:17:00]} Rc7 {[%clk 0:40:06]} 17. Rxc7
{[%clk 1:11:43]} Qxc7 {[%clk 0:40:31]} 18. Bb5 {[%clk 1:11:01]} Ra8
{[%clk 0:32:13]} 19. Rxa8 {[%clk 1:10:44]} Bxa8 {[%clk 0:32:31]} 20. Qa4
{[%clk 1:09:26]} Bb7 {[%clk 0:31:47]} 21. Qa7 {[%clk 1:09:13]} Qb8
{[%clk 0:30:02]} 22. Qxb8 {[%clk 1:09:21]} Nxb8 {[%clk 0:30:30]} 23. Nc4
{[%clk 1:09:11]} Nfd7 {[%clk 0:27:34]} 24. Nfd2 {[%clk 1:07:16]} Bc6
{[%clk 0:26:28]} 25. Bxc6 {[%clk 1:07:07]} Nxc6 {[%clk 0:26:55]} 26. d5
{[%clk 1:06:34]} Na7 {[%clk 0:27:11]} 27. Na3 {[%clk 1:06:31]} Bg7
{[%clk 0:27:06]} 28. Ndc4 {[%clk 1:05:33]} Kf8 {[%clk 0:23:47]} 29. e4
{[%clk 1:03:57]} Ke8 {[%clk 0:22:47]} 30. Kf1 {[%clk 1:03:05]} Kd8
{[%clk 0:21:48]} 31. f4 {[%clk 1:02:40]} b5 {[%clk 0:21:12]} 32. Nd2
{[%clk 1:02:45]} Nb6 {[%clk 0:20:40]} 33. b4 {[%clk 0:56:22]} cxb4
{[%clk 0:19:26]} 34. cxb4 {[%clk 0:55:55]} Bc3 {[%clk 0:19:48]} 35. Bg1 Bxb4
{[%clk 0:18:31]} 36. Bxb6+ {[%clk 0:55:26]} 1-0

[Event "EUCC 2023 - U12"]
[Site "Kouty nad Desnou"]
[Date "2023.08.17"]
[Round "2.12"]
[White "Tureshbayev, Anuar"]
[Black "Polackova, Eva"]
[Result "1-0"]
[BlackElo "1240"]
[WhiteElo "1826"]
[LiveChessVersion "1.4.8"]

1. e4 {[%clk 1:30:57]} c6 {[%clk 1:30:48]} 2. d4 {[%clk 1:31:24]} d5
{[%clk 1:30:52]} 3. exd5 {[%clk 1:31:50]} cxd5 {[%clk 1:30:43]} 4. Bd3
{[%clk 1:32:14]} Nc6 {[%clk 1:29:57]} 5. c3 {[%clk 1:32:39]} e6 {[%clk 1:29:08]}
6. Bf4 {[%clk 1:33:03]} Bd6 {[%clk 1:28:18]} 7. Bg3 {[%clk 1:32:56]} Nge7
{[%clk 1:25:33]} 8. Nf3 {[%clk 1:30:33]} O-O {[%clk 1:23:47]} 9. Nbd2
{[%clk 1:22:40]} Qc7 {[%clk 1:19:47]} 10. Qe2 {[%clk 1:08:25]} Ng6
{[%clk 1:11:57]} 11. Bxg6 {[%clk 1:00:18]} fxg6 {[%clk 1:05:29]} 12. Bxd6
{[%clk 0:59:59]} Qxd6 {[%clk 1:03:33]} 13. O-O {[%clk 1:00:00]} Bd7
{[%clk 0:53:57]} 14. Rfe1 {[%clk 1:00:03]} Rae8 {[%clk 0:49:36]} 15. Qd3
{[%clk 0:58:15]} e5 {[%clk 0:45:53]} 16. dxe5 {[%clk 0:58:25]} Nxe5
{[%clk 0:46:00]} 17. Rxe5 {[%clk 0:58:43]} Rxe5 {[%clk 0:45:42]} 18. Nxe5
{[%clk 0:57:46]} Qxe5 {[%clk 0:45:29]} 19. Nf3 {[%clk 0:58:10]} Qd6
{[%clk 0:45:06]} 20. Re1 {[%clk 0:57:12]} Bg4 {[%clk 0:39:50]} 21. Nd4
{[%clk 0:55:44]} Qf6 {[%clk 0:39:39]} 22. Qe3 {[%clk 0:55:37]} Bf5
{[%clk 0:36:44]} 23. Qe5 {[%clk 0:44:52]} Qxe5 {[%clk 0:36:31]} 24. Rxe5
{[%clk 0:45:17]} Bb1 {[%clk 0:35:37]} 25. Re1 {[%clk 0:40:16]} Be4
{[%clk 0:34:38]} 26. f3 {[%clk 0:40:33]} Bf5 {[%clk 0:34:50]} 27. g4
{[%clk 0:39:23]} Bd3 {[%clk 0:34:42]} 28. Re5 {[%clk 0:38:28]} Bc4
{[%clk 0:34:25]} 29. b3 {[%clk 0:38:24]} Ba6 {[%clk 0:34:13]} 30. Rxd5
{[%clk 0:38:34]} b6 {[%clk 0:34:11]} 31. Kf2 {[%clk 0:38:11]} Bc8
{[%clk 0:34:09]} 32. h3 {[%clk 0:37:56]} Bb7 {[%clk 0:32:41]} 33. Re5
{[%clk 0:37:26]} h6 {[%clk 0:30:22]} 34. Ke3 {[%clk 0:36:31]} g5 {[%clk 0:30:13]}
35. Re7 {[%clk 0:36:37]} Rf7 {[%clk 0:30:21]} 36. Rxf7 {[%clk 0:36:58]} Kxf7
{[%clk 0:30:42]} 37. Nb5 {[%clk 0:37:25]} 1-0

[Event "EUCC 2023 - U12"]
[Site "Kouty nad Desnou"]
[Date "2023.08.17"]
[Round "2.13"]
[White "Levchenko, Alisa"]
[Black "Janouskova, Eliska"]
[Result "1/2-1/2"]
[BlackElo "1398"]
[WhiteElo "1151"]
[LiveChessVersion "1.4.8"]

1. d4 {[%clk 1:30:57]} e6 {[%clk 1:30:51]} 2. c4 {[%clk 1:31:21]} f5
{[%clk 1:31:06]} 3. g3 {[%clk 1:31:41]} Nf6 {[%clk 1:31:02]} 4. Bg2
{[%clk 1:32:03]} d5 {[%clk 1:30:55]} 5. Qc2 {[%clk 1:30:34]} c6 {[%clk 1:30:16]}
6. Nf3 {[%clk 1:30:36]} Bd6 {[%clk 1:29:25]} 7. e3 {[%clk 1:27:59]} O-O
{[%clk 1:27:51]} 8. O-O {[%clk 1:25:59]} Nbd7 {[%clk 1:23:59]} 9. Nbd2
{[%clk 1:25:29]} Ne4 {[%clk 1:17:41]} 10. b3 {[%clk 1:22:17]} Ndf6
{[%clk 1:14:47]} 11. Nxe4 {[%clk 1:17:52]} Nxe4 {[%clk 1:12:04]} 12. Nd2
{[%clk 1:11:22]} Bd7 {[%clk 1:02:21]} 13. Bb2 {[%clk 1:02:48]} Be8
{[%clk 0:55:39]} 14. Nxe4 {[%clk 0:48:24]} fxe4 {[%clk 0:54:10]} 15. f3
{[%clk 0:46:38]} exf3 {[%clk 0:49:05]} 16. Rxf3 {[%clk 0:45:15]} Rxf3
{[%clk 0:46:50]} 17. Bxf3 {[%clk 0:45:37]} Qg5 {[%clk 0:43:59]} 18. e4
{[%clk 0:41:49]} Bg6 {[%clk 0:41:18]} 19. Qe2 {[%clk 0:38:58]} Re8
{[%clk 0:38:52]} 20. Bc1 {[%clk 0:31:09]} Qd8 {[%clk 0:35:36]} 21. Qg2
{[%clk 0:27:43]} Bb4 {[%clk 0:30:36]} 22. Bb2 {[%clk 0:26:46]} dxc4
{[%clk 0:25:20]} 23. bxc4 {[%clk 0:26:22]} Qb6 {[%clk 0:24:19]} 24. Kh1
{[%clk 0:22:39]} Rf8 {[%clk 0:22:28]} 25. Rd1 {[%clk 0:15:47]} Be7
{[%clk 0:20:55]} 26. Bc3 {[%clk 0:13:40]} Bf6 {[%clk 0:18:30]} 27. e5
{[%clk 0:11:44]} Be7 {[%clk 0:16:24]} 28. Ba1 {[%clk 0:07:16]} Kh8
{[%clk 0:11:36]} 1/2-1/2

[Event "EUCC 2023 - U12"]
[Site "Kouty nad Desnou"]
[Date "2023.08.17"]
[Round "2.14"]
[White "Barteckova, Nikol"]
[Black "Peglau, Lorena"]
[Result "1/2-1/2"]
[BlackElo "1178"]
[WhiteElo "1268"]
[LiveChessVersion "1.4.8"]

1. e4 {[%clk 1:30:58]} e6 {[%clk 1:30:54]} 2. d4 {[%clk 1:31:24]} d5
{[%clk 1:31:22]} 3. exd5 {[%clk 1:31:44]} exd5 {[%clk 1:31:45]} 4. Nf3
{[%clk 1:31:59]} Nf6 {[%clk 1:32:02]} 5. Bd3 {[%clk 1:31:44]} Bd6
{[%clk 1:32:09]} 6. h3 {[%clk 1:31:35]} Nbd7 {[%clk 1:31:43]} 7. O-O
{[%clk 1:30:46]} O-O {[%clk 1:32:07]} 8. Re1 {[%clk 1:29:53]} Nb6
{[%clk 1:30:57]} 9. c3 {[%clk 1:21:09]} Bd7 {[%clk 1:30:14]} 10. Bg5
{[%clk 1:19:41]} h6 {[%clk 1:30:06]} 11. Bh4 {[%clk 1:19:37]} Be7
{[%clk 1:27:58]} 12. Nbd2 {[%clk 1:16:25]} Re8 {[%clk 1:27:16]} 13. Qc2
{[%clk 1:15:27]} c6 {[%clk 1:23:47]} 14. Ne5 {[%clk 1:11:54]} Rc8
{[%clk 1:21:22]} 15. b4 {[%clk 1:05:08]} a6 {[%clk 1:20:36]} 16. Ndf3
{[%clk 1:00:46]} Be6 {[%clk 1:18:03]} 17. a4 {[%clk 0:57:11]} Nbd7
{[%clk 1:18:09]} 18. Rab1 {[%clk 0:52:40]} Nxe5 {[%clk 1:18:03]} 19. Nxe5
{[%clk 0:51:24]} Nd7 {[%clk 1:18:22]} 20. Bg3 {[%clk 0:48:06]} Nxe5
{[%clk 1:18:20]} 21. Bxe5 {[%clk 0:48:23]} Bf6 {[%clk 1:17:39]} 22. Bh2
{[%clk 0:44:24]} Bd7 {[%clk 1:14:25]} 23. Qb3 {[%clk 0:41:21]} Qb6
{[%clk 1:10:30]} 24. Bd6 {[%clk 0:37:49]} Rxe1+ {[%clk 1:10:21]} 25. Rxe1
{[%clk 0:38:04]} Re8 {[%clk 1:10:46]} 26. Rxe8+ {[%clk 0:37:06]} Bxe8
{[%clk 1:11:11]} 27. Bf5 {[%clk 0:33:57]} Qd8 {[%clk 1:11:04]} 28. Bg3
{[%clk 0:33:21]} Bd7 {[%clk 1:11:23]} 29. Bd3 {[%clk 0:32:09]} Qc8
{[%clk 1:10:54]} 30. Qc2 {[%clk 0:27:25]} Be6 {[%clk 1:08:38]} 31. Bf1
{[%clk 0:21:36]} Bf5 {[%clk 1:08:44]} 32. Qe2 {[%clk 0:19:43]} Qe6
{[%clk 1:07:50]} 33. Qxe6 {[%clk 0:19:06]} Bxe6 {[%clk 1:08:15]} 34. Bd3
{[%clk 0:19:26]} Bg5 {[%clk 1:08:38]} 35. f4 {[%clk 0:19:38]} Bf6
{[%clk 1:08:58]} 36. Kf2 {[%clk 0:17:36]} g6 {[%clk 1:08:51]} 37. Kf3
{[%clk 0:14:01]} Kg7 {[%clk 1:09:07]} 38. Bh2 {[%clk 0:13:45]} h5
{[%clk 1:09:03]} 39. g4 {[%clk 0:13:11]} hxg4+ {[%clk 1:09:08]} 40. hxg4
{[%clk 0:13:35]} Bh4 {[%clk 1:09:18]} 41. Bg3 {[%clk 0:13:59]} Bxg3
{[%clk 1:09:26]} 42. Kxg3 {[%clk 0:14:23]} f5 {[%clk 1:09:19]} 43. g5 1/2-1/2